000 00353nam a2200133Ia 4500
008 151001s9999||||xx |||||||||||||| ||und||
100 _aप्रभा पार्दीकर
245 _aचैत्राली
250 _a1
260 _bसंतोष साहित्य
260 _c1982
300 _a112
365 _b18
999 _c964183
_d964180